00413nam a2200157 a 45000010005000000030005000050050017000100080041000270400020000681000027000882450050001152600026001653000010001914900031002016500023002321421CDMR20131017140217.0130130s1961||||||||||||||||||||||||||||d aCDMRbcatcCDMR1 aGabriel-Robinet, Louis10aHistoire de la pressecpar L. Gabriel-robinet aParisc1961bHachette a62 p. aEncyclopédie par l'Image aPremsaxHistòria